000 00304nam a22001337a 4500
008 170616b xxu||||| |||| 00| 0 eng d
020 _a2901566631364
041 _aeng
080 _a94(7/8)
100 _a20
101 _aSHP
245 _aBUILDING THE CONTINENTAL EMPIRE
_cWEEKS,W.E
942 _2udc
_cBK
999 _c17685
_d17685